000 00343 a2200157 4500
001 46081
020 _a978853760691-9
040 _cAnchieta - Aquarius
100 _aParker, Nathalie Jane
240 1 0 _a*A abelha Aninha
_lpor
245 1 0 _a*A abelha Aninha
300 _a
362 0 _a2008
650 4 _aLiteratura infantil
942 _cBK
999 _c46081
_d46081